00654nam a22001577a 4500003000400000005001700004008004100021040000800062082000800070100002600078245031100104260002600415300002700441942001300468999001500481OSt20151022102500.0151022b xxu||||| |||| 00| 0 eng d cRUA aAVM 92682aHPOUNG, PHANIT. asentinent flock surveillance of avian influenza a/h5n1 in prey veng province, ការអង្កេតតាមដានឃ្លាំមមើលជំងឺផ្តាសសាយបក្សីប្រភេទ A/H5N1 លើហ្វូងទាក្នុងខរត្តព្រៃវែង. aphnom phenbRUAc2012 aviii,36p.bill.c29cm. 2ddccAVM c2511d2511